Statistics for Easy Scientific Names

Click here to take the quiz!

General Stats

  • This quiz has been taken 38 times
  • The average score is 11 of 12

Answer Stats

HintAnswer% Correct
Camelus bactrianusBactrian Camel
100%
Hippopotamus amphibiusHippopotamus
100%
Rhinoceros unicornisIndian Rhinoceros
100%
Crocodylus niloticusNile Crocodile
100%
Giraffa camelopardisNorthern Giraffe
100%
Gorilla gorillaWestern Gorilla
100%
Felis catusHouse cat
97%
Panthera leoLion
97%
Delphinus capensisLong-beaked Common Dolphin
97%
Orcinus orcaOrca
86%
Homo neandertalensisNeanderthal
81%
Salmo salarAtlantic Salmon
69%

Score Distribution

Percentile by Number Answered

Percent of People with Each Score

Your Score History

You have not taken this quiz